MARC details
| 000 -CABECERA |
| campo de control de longitud fija |
00990nam a2200241 a 4500 |
| 005 - FECHA Y HORA DE LA ÚLTIMA TRANSACCIÓN |
| campo de control |
20250111063803.0 |
| 008 - ELEMENTOS DE LONGITUD FIJA--INFORMACIÓN GENERAL |
| campo de control de longitud fija |
991125s1997 mx 000 0 spa u |
| 035 ## - NÚMERO DE CONTROL DEL SISTEMA |
| Número de control de sistema |
UPN01000009218 |
| 049 ## - COLECCIÓN |
| Colección |
TES |
| 099 ## - CLASIFICACIÓN LOCAL |
| Clasificación local |
13938 |
| 100 1# - ASIENTO PRINCIPAL--NOMBRE PERSONAL |
| Nombre de persona |
Verdín Cambero, Isaac Carlos |
| 245 10 - MENCIÓN DE TÍTULO |
| Título |
¿Cómo favorecer el hábito de depositar la basura en su lugar? / |
| Mención de responsabilidad, etc. |
Isaac Carlos Verdín Cambero, José Luis Guerrero Sánchez, Leonor Medina Flores. |
| 260 ## - PUBLICACIÓN, DISTRIBUCIÓN, ETC. |
| Lugar de publicación, distribución, etc. |
Guadalajara : |
| Nombre del editor, distribuidor, etc. |
I. C. Verdín Cambero, |
| Fecha de publicación, distribución, etc. |
1997. |
| 300 ## - DESCRIPCIÓN FÍSICA |
| Extensión |
131 h. : |
| Otras características físicas |
il. |
| 500 ## - NOTA GENERAL |
| Nota general |
"Unidad 141" |
| 502 ## - NOTA DE TESIS |
| Nota de tesis |
Investigación de campo (Lic. en Educación Básica) -- Universidad Pedagógica Nacional, 1997 |
| 650 #4 - ASIENTO SECUNDARIO DE MATERIA - TERMINO TEMATICO |
| Término de materia o nombre geográfico como elemento de entrada |
Basuras y aprovechamiento de basuras |
| 9 (RLIN) |
2946 |
| 650 #4 - ASIENTO SECUNDARIO DE MATERIA - TERMINO TEMATICO |
| Término de materia o nombre geográfico como elemento de entrada |
Educación ambiental |
| Subdivisión general |
Estudio y enseñanza (Elemental) |
| 9 (RLIN) |
9202 |
| 700 1# - ASIENTO SECUNDARIO--NOMBRE DE PERSONAL |
| Nombre de persona |
Guerrero Sánchez, José Luis, |
| Término indicativo de función/relación |
coaut. |
| 700 1# - ASIENTO SECUNDARIO--NOMBRE DE PERSONAL |
| Nombre de persona |
Medina Flores, Leonor, |
| Término indicativo de función/relación |
coaut. |
| 710 2# - ASIENTO SECUNDARIO - NOMBRE CORPORATIVO |
| Nombre de entidad corporativa o nombre de jurisdicción como elemento de entrada |
Universidad Pedagógica Nacional (México). |
| Unidad subordinada |
Unidad 141 |
| 9 (RLIN) |
28429 |
| 905 ## - TIPO DE MATERIAL |
| Tipo de material |
Tesis |